Science Quiz

Random Science or Chemistry Quiz

Chemical Nomenclature - Common Acids Quiz Stats

 Plays Quiz Updated Nov 30, 2018

Support Sporcle.
Go Orange.
Score 0/32 Timer 05:00
0 Plays Today
Acid Formula Acid Name % Correct
HCl (aq)Hydrochloric acid
95.8%
HNO3 (aq)Nitric acid
74.2%
H2SO4 (aq)Sulfuric acid
73.3%
HClO3 (aq)Chloric acid
62.8%
H2S (aq)Hydrosulfuric acid
60.9%
HNO2 (aq)Nitrous acid
52.2%
HClO2 (aq)Chlorous acid
51.7%
HI (aq)Hydroiodic acid
49.7%
H3PO3 (aq)Phosphorous acid
47.6%
H2CO3 (aq)Carbonic acid
45.7%
H3PO4 (aq)Phosphoric acid
44.8%
H2SO3 (aq)Sulfurous acid
44.4%
HClO4 (aq)Perchloric acid
42.8%
HClO (aq)Hypochlorous acid
41.3%
HBr (aq)Hydrobromic acid
34.8%
CH3CO2H (aq)Acetic acid
32.8%
Acid Formula Acid Name % Correct
H3BO3 (aq)Boric acid
28.8%
HF (aq)Hydrofluoric acid
25.2%
H3AsO4 (aq)Arsenic acid
22%
HIO3 (aq)Iodic acid
21.9%
HCN (aq)Hydrocyanic acid
21.4%
H2CrO4 (aq)Chromic acid
19.9%
H2SeO4 (aq)Selenic acid
16.9%
HBrO4 (aq)Perbromic acid
16.8%
HBrO3 (aq)Bromic acid
16.7%
H2C2O4 (aq)Oxalic acid
15.8%
H5IO6 (aq)Periodic acid
12.6%
H2SeO3 (aq)Selenous acid
9.5%
H3PO2 (aq)Hypophosphorous acid
9%
HCO2H (aq)Formic acid
7.1%
C6H5OH (aq)Carbolic acid
5.1%
HN3 (aq)Hydrazoic acid
3.5%

You're not logged in!

Compare scores with friends on all Sporcle quizzes.
OR
Log In

From the Vault

Same Word, Different Movies VI

by Larryholmes79

These would make interesting crossovers.
Remove Ads.
Support Sporcle.
Get the best of Sporcle when you Go Orange. This ad-free experience offers more features, more stats, and more fun while also helping to support Sporcle. Thank you for becoming a member.

Show Comments

Extras

Top Quizzes Today


Score Distribution

Your Account Isn't Verified!

In order to create a playlist on Sporcle, you need to verify the email address you used during registration. Go to your Sporcle Settings to finish the process.

Report this User

Report this user for behavior that violates our Community Guidelines.

Details: